Score 0/10 Timer 02:00
0 Plays Today
% Correct
ksi
73.3%
dantdm
66.7%
matty b
66.7%
tanner fox
53.3%
stampylongnose
40%
little t
33.3%
Ben Phillips
20%
lee view
6.7%
soph aspin and little t and afghan dan
0%
Taylor and tanner fox
0%

You're not logged in!

Compare scores with friends on all Sporcle quizzes.
OR
Log In

Sporcle TV

Today on Sporcle TV


Watch our educational content, quiz creation guides, and fun videos on Sporcle TV.

Show Comments

Extras

Created Jun 11, 2017ReportNominate
Tags:Mane

Top Quizzes Today


Score Distribution

Paid Content

Your Account Isn't Verified!

In order to create a playlist on Sporcle, you need to verify the email address you used during registration. Go to your Sporcle Settings to finish the process.

Report this User

Report this user for behavior that violates our Community Guidelines.

Details: